DUSLO akciová spoločnosť výročná správa 2001

Enregistré dans:
Détails bibliographiques
Format: Livre
Langue:slovaque
anglais
Publié: Šaľa DUSLO, a. s. [2002]
Sujets:
Tags: Ajouter un tag
Pas de tags, Soyez le premier à ajouter un tag!

MARC

LEADER 00000nam$a2200000$$$4500
001 0004356
005 20240108123806.7
041 0 |a slo 
041 0 |a eng 
044 |a SK 
245 1 0 |a DUSLO akciová spoločnosť  |b výročná správa 2001 
264 1 |a Šaľa  |b DUSLO, a. s.  |c [2002] 
300 |a 22 s. 
610 2 0 |a priemysel chemický 
610 2 0 |a výroba chemická 
610 2 0 |a predaj 
610 2 0 |a vývoz 
610 2 0 |a predstavenstvo 
610 2 0 |a rady dozorné 
610 2 0 |a cash flow 
610 2 0 |a akcionári 
610 2 0 |a kapitál 
610 2 0 |a analýza finančná 
610 2 0 |a bilancie 
610 2 0 |a majetok 
610 2 0 |a zamestnanosť 
610 2 0 |a audit